Vanilla Ice- Ice Ice Baby Lyrics - Statistics

General Stats
  • This quiz has been taken 38 times
    36 since last reset
  • The average score is 282 of 417
Answer Stats
Answer % Correct
a
100%
baby
100%
I
100%
Ice
100%
ice
100%
the
100%
The
100%
and
96%
And
96%
so
96%
in
92%
is
92%
it
92%
me
92%
my
92%
Yo
92%
yo
92%
you
92%
You
92%
don't
88%
of
88%
ragtop
88%
back
84%
can
84%
know
84%
listen
84%
stop
84%
stop?"
84%
"Will
84%
with
84%
With
84%
ever
80%
like
80%
off
80%
To
80%
to
80%
was
80%
When
80%
when
80%
Alright
76%
brand
76%
daily
76%
hold
76%
I'll
76%
ill
76%
I'm
76%
Light
76%
new
76%
nightly
76%
no
76%
No
76%
out
76%
grabs
72%
hear
72%
hi
72%
If
72%
if
72%
on
72%
Something
72%
tightly
72%
Turn
72%
Vanilla
72%
your
72%
collaborate
68%
glow
68%
go
68%
melody
68%
than
68%
there
68%
up
68%
all
64%
best
64%
candle
64%
dead
64%
dope
64%
extreme
64%
harpoon
64%
invention
64%
let's
64%
Love
64%
or
64%
than
64%
that
64%
what
64%
better
60%
DJ
60%
Flow
60%
leave
60%
lights
60%
play
60%
problem
60%
revolves
60%
solve
60%
were
60%
blow
56%
chump
56%
"Did
56%
get
56%
kick
56%
less
56%
mushroom
56%
rock
56%
stage
56%
VIP
56%
while
56%
brain
52%
Dance
52%
Deadly
52%
down
52%
mic
52%
roll
52%
They
52%
wax
52%
Avenue
48%
Check
48%
felony
48%
just
48%
kid
48%
killing
48%
Now
48%
say
48%
A1A
44%
cause
44%
hair
44%
hit
44%
hook
44%
mine
44%
poisonous
44%
Police
44%
ranged
44%
standby
44%
vandal
44%
5.0
40%
9
40%
Anything
40%
are
40%
bell
40%
bikinis
40%
bullseye
40%
car
40%
driving
40%
girlies
40%
Girls
40%
hot
40%
it's
40%
Rolling
40%
shells
40%
speaker
40%
bass
36%
Beachfront
36%
block
36%
by
36%
confronted
36%
for
36%
getting
36%
Jealous
36%
jumping
36%
left
36%
mean?
36%
next
36%
party
36%
wearing
36%
away
32%
booms
32%
Bumper
32%
bumper
32%
drove
32%
grabbed
32%
Gunshots
32%
lovers
32%
Quick
32%
quick
32%
Rockman
32%
scene
32%
because
28%
continued
28%
fast
28%
gas
28%
heading
28%
heard
28%
jack
28%
jackers
28%
point
28%
pumping
28%
rush
28%
time
28%
Burning
24%
crazy
24%
Falling
24%
gauge
24%
Jumped
24%
Kept
24%
kicked
24%
Lamborghinis
24%
nimble
24%
Ready
24%
real
24%
Shay
24%
slammed
24%
solo
24%
tempo
24%
trying
24%
acting
20%
ain't
20%
bacon
20%
ball
20%
before
20%
concrete
20%
eight
20%
fiends
20%
packed
20%
passed
20%
pound
20%
pursuing
20%
them
20%
they're
20%
Vegas
20%
wall
20%
avenue's
16%
chumps
16%
Cooking
16%
cymbal
16%
faking
16%
hi-hat
16%
MCs
16%
souped
16%
waving
16%
full
12%
gangway
8%
busted
4%
No matching quizzes found
Score Distribution
Percent of People with Each Score
Percentile by Number Answered
Your Score History
You have not taken this quiz since the last reset